000
00311nam a22001217a 4500
040
_c
SY
082
_a
333 JER 1999 C093
100
_a
Jeroen C.J.M van den Bergh
245
_a
Handbook of Environmental and Resource Economic
260
_a
USA
_b
Jeroen C.J.M van den Bergh
_c
1999
300
_a
1300p
942
_c
EK
999
_c
11213
_d
11213